000 00508nam a2200241Ia 4500
003 IT-RoPAU
008 120407s9999 xx 000 0 und d
040 _aIT-RoPAU
040 _cIT-RoPAU
041 _aeng
100 _aJoseph, McCarthy
100 _crev.
245 4 _aThe many whys of life.
250 _aBoston
260 _aDaughters of St. Paul
260 _c1963
300 _a246 p.
300 _c21 cm
490 _v1
600 _a1. Spiritualità.
942 _cBK
999 _c30220
_d30220